Statistiques concernant Les différents tomes de Titeuf

Cliquez ici pour prendre le quiz!

Statistiques générales

  • Ce quiz a été pris 95 fois
  • Le résultat moyen est 7 sur 14

Statistiques - réponses

Année de sortieTomeNom% Correct
19954C'est pô juste...
75%
200410Nadia se marie
72%
19976Tchô, monde cruel !
65%
19921Dieu, le sexe et les bretelles
64%
20029La loi du préau
61%
19932L'amour, c'est pô propre
53%
200611Mes meilleurs copains
53%
20008Lâchez-moi le slip !
51%
19987Le miracle de la vie
49%
200812Le sens de la vie
46%
19965Titeuf et le derrière des choses
43%
19943Ça épate les filles
40%
201514Bienvenue en adolescence !
35%
201213A la folie !
32%

Distribution des résultats

Percentile par nombre de réponses

% des personnes avec chaque résultat

Votre développement - résultats

Vous n’avez pas pris ce quiz